ARRUPE JESUIT UNIVERSITY

CORONAVIRUS -STOP THE SPREAD - CLEAN,DISINFECT,COVER

Moderato cantabile (Record no. 124352)

MARC details
000 -LEADER
fixed length control field 00452nam a22001457a 4500
008 - FIXED-LENGTH DATA ELEMENTS--GENERAL INFORMATION
fixed length control field 160309b xxu||||| |||| 00| 0 eng d
050 ## - LIBRARY OF CONGRESS CALL NUMBER
Classification number PQ2607.U8245Z54
100 ## - MAIN ENTRY--PERSONAL NAME
Personal name Coward, David
9 (RLIN) 19325
245 ## - TITLE STATEMENT
Title Moderato cantabile
Statement of responsibility, etc David Coward
260 ## - PUBLICATION, DISTRIBUTION, ETC. (IMPRINT)
Place of publication, distribution, etc London
Name of publisher, distributor, etc Grant and Cutler
Date of publication, distribution, etc 1981
300 ## - PHYSICAL DESCRIPTION
Extent 80p. ;
Dimensions 20cm.
440 ## - SERIES STATEMENT/ADDED ENTRY--TITLE
Title Critical guides to French texts
9 (RLIN) 22859
650 ## - SUBJECT ADDED ENTRY--TOPICAL TERM
Topical term or geographic name as entry element Duras, Marguerite
9 (RLIN) 22860
General subdivision Moderato cantabile
942 ## - ADDED ENTRY ELEMENTS (KOHA)
Source of classification or shelving scheme Library of Congress Classification
Item type Monograph ( Printed materials)
Holdings
Withdrawn status Lost status Source of classification or shelving scheme Damaged status Not for loan Collection code Home library Current library Shelving location Date acquired Total Checkouts Full call number Barcode Date last seen Price effective from Koha item type
    Library of Congress Classification     Main Collection ARRUPE LIBRARY ARRUPE LIBRARY Main Collection 09/03/2016   PQ2607.U8245Z54 46500006273 09/03/2016 09/03/2016 Monograph ( Printed materials)

 

Arrupe Library. PO Box MP320 Mt Pleasant, Harare, Zimbabwe
263 242 745411|librarian@aju.ac.zw